Baba Khadhag singh and India's struggle for freedom (Record no. 159942)

MARC details
000 -LEADER
fixed length control field 00707nam a22002177a 4500
005 - DATE AND TIME OF LATEST TRANSACTION
control field 20190110152945.0
006 - FIXED-LENGTH DATA ELEMENTS--ADDITIONAL MATERIAL CHARACTERISTICS--GENERAL INFORMATION
fixed length control field a|||||f|||| 00| 0
007 - PHYSICAL DESCRIPTION FIXED FIELD--GENERAL INFORMATION
fixed length control field tc
008 - FIXED-LENGTH DATA ELEMENTS--GENERAL INFORMATION
fixed length control field 181207b |||||f|||| 00| 0 eng d
010 ## - LCCN (DPL NO)
LC control number B-347949-B-347950
020 ## - INTERNATIONAL STANDARD BOOK NUMBER
Terms of availability 33.00
035 ## - SYSTEM CONTROL NUMBER
System control number B-347949
037 ## - SOURCE OF ACQUISITION
Source of stock number/acquisition AICB
082 ## - DEWEY DECIMAL CLASSIFICATION NUMBER
Classification number 921
245 ## - TITLE STATEMENT
Title Baba Khadhag singh and India's struggle for freedom
260 ## - PUBLICATION, DISTRIBUTION, ETC. (IMPRINT)
Place of publication, distribution, etc New Delhi
Name of publisher, distributor, etc AICB
Date of publication, distribution, etc n.d.
270 ## - ADDRESS
Address Sector-5, Rohini
City New |Delhi
Postal code 110085
Telephone number 011-27054082
300 ## - PHYSICAL DESCRIPTION
Extent various pages
Dimensions 30cm.(HB)
942 ## - ADDED ENTRY ELEMENTS (KOHA)
Source of classification or shelving scheme Dewey Decimal Classification
Item type Braille-Books-English
Classification part 921
Call number suffix BAB
Holdings
Withdrawn status Lost status Not for loan Collection code Home library Current library Date acquired Source of acquisition Cost, normal purchase price Full call number Barcode Copy number Koha item type
Withdrawn     Fiction Braille-Library Braille-Library 17/07/2009 2761/17-07-2009 0.00 921 BAB B-347949 1 Braille-Books-English
      Fiction Braille-Library Braille-Library 17/07/2009 2761/17-07-2009 0.00 921 BAB B-347950 1 Braille-Books-English

© Delhi Public Library
Hit Counter
free hit counter